| 000 | 01456cab a2200301 4500 | ||
|---|---|---|---|
| 001 | X3308 | ||
| 008 | 090401t1995 xxu||||| |||| 00| 0 eng d | ||
| 035 | _a(Sirsi) u29700 | ||
| 041 | _aeng | ||
| 100 | _aShabha, G. | ||
| 245 | _aSubsidence and the associated problems with reference to low-rise housing | ||
| 260 | _c1995 | ||
| 350 | _a0 | ||
| 490 |
_aStructural Survey _v13(3) 1995, 28-35(8) |
||
| 520 | _aIn recent years the problems of subsidence have increased causing the loss of billions of pounds by the insurance industry and causing a substantial drop in residential capital values and increasing litigation against surveyors affected and distress to homeowners. This article investigates these problems and their implications for domestic buildings. It addresses the these questions - what are the main causes of land subsidence? what is the potential damage of subsidence? how can the damage of subsidence be prevented and reduced? what are the financial and legal implications for all those involved. Finally looks at what future actions should be taken by the insurance industry. References. | ||
| 650 | _aCAUSES | ||
| 650 | _aCLAY SOILS | ||
| 650 | _aINSURANCE ISSUES | ||
| 650 | _aMONITORING | ||
| 650 | _aPREVENTION | ||
| 650 | _aSANDY SOILS | ||
| 650 | _aSOIL STABILISATION | ||
| 650 | _aSUBSIDENCE | ||
| 690 | _aBUILT ENVIRONMENT-BUILDING PATHOLOGY | ||
| 700 | _aKuhwald, K. | ||
| 942 | _n0 | ||
| 948 | _c04/03/1997 | ||
| 999 |
_c19976 _d19976 |
||